书目信息 |
| 书名: | In High Places | |
| 作者: | Tom Morrisey | |
| 分册号: | ||
| 分册名: | 出版地: | AMERICA |
|
| 出版社: | Bethany House Publishers | |
| 出版时间: | 2007 | |
| 页数: | 318P | |
| 开本: | 24CM | |
| 丛书名: | ||
| 中图分类号: | ||
| 科图分类号: | ||
| 其他分类号: | I712.45 | |
| 主题词: | ||
| 电子资源: | ||
| 000 | 00393nam0 2200145 450 | |
| 001 | 202012003009 | |
| 005 | 20121202104718.0 | |
| 008 | 12120201s | |
| 020 | @a9780764204678@c$13.99 | |
| 099 | @dI712.45@eT6551 | |
| 245 | 10 | @aIn High Places @cTom Morrisey |
| 260 | 0 | @aAMERICA@bBethany House Publishers@c2007 |
| 300 | @a318P@c24CM | |
| 905 | @b14060-1 | |
| 905 | @aTSG@dI712.45@eT6551 | |
| In High Places / Tom Morrisey.-AMERICA : Bethany House Publishers , 2007 |
| 318P ; 24CM |
| ISBN 9780764204678$13.99 |
| ● |
| 相关链接 |
|
|
|
正题名:In High Places
索取号:I712.45/T6551
 
预约/预借
| 序号 | 登录号 | 条形码 | 馆藏地/架位号 | 状态 | 备注 |
| 1 | 14060 | 300140602 | 文学库116/400A自科库 24排2列2层/ [索取号:I712.45/T6551] | 在馆 | |
| 2 | 14061 | 300140611 | 文学库116/ [索取号:I712.45/T6551] | 在馆 |